[Event "Sheikh Russel GM 2021"]
[Site "Dhaka"]
[Date "2021.10.19"]
[Round "1.1"]
[White "Tiviakov, Sergei"]
[Black "Nandhidhaa, P V"]
[Result "1-0"]
[WhiteElo "2600"]
[BlackElo "2318"]
[Annotator "TA"]
[PlyCount "89"]
[EventDate "2021.10.19"]
[EventType "swiss"]
[EventCountry "BAN"]
[SourceTitle "playchess.com"]
[Source "ChessBase"]
[SourceQuality "1"]

{[%evp 13,89,12,12,12,0,0,8,0,0,0,0,0,0,0,0,0,0,4,10,6,4,-12,-12,-29,0,0,0,0,0,0,0,0,0,0,0,0,0,0,8,10,3,0,0,0,14,3,127,109,162,144,164,140,132,106,281,280,272,279,278,272,285,276,275,259,317,311,440,435,590,593,758,759,748,744,754,731,719,726]} 1. e4 c5 2. c3 Nf6 3. e5 Nd5 4. Nf3 Nc6 5. Bc4 Nb6 6. Bb3 d5 7. exd6 Qxd6 8. O-O {B22: Sicilian: 2 c3.} Be6 9. Bxe6 Qxe6 10. a4 {The position is equal.} Qd7 11. a5 Nd5 12. d4 cxd4 13. Nxd4 e6 14. a6 b6 15. Nb5 Rd8 16. Qa4 {Black should prevent Rd1.} Nc7 $1 {[#]} 17. Bg5 $146 ({Predecessor:} 17. Nxc7+ Qxc7 18. Bf4 Bd6 19. Bxd6 Qxd6 20. Na3 O-O 21. Rad1 Qc7 22. Nb5 Qc8 23. Qc4 Rxd1 24. Rxd1 {0-1 (47) Yudin,S (2507)-Gelfand,B (2673) St Petersburg 2018}) 17... Nxb5 18. Qxb5 Be7 (18... f6 {feels hotter.} 19. Be3 Kf7 20. b4 Bd6 21. Nd2 Ne7) 19. Bxe7 Nxe7 20. Na3 O-O 21. Qxd7 Rxd7 22. Rfd1 Rfd8 23. Rxd7 Rxd7 $11 {[%mdl 4096] Endgame KRN-KRN} 24. Kf1 Kf8 25. Ke2 Nd5 26. Nb5 Nf4+ 27. Kf1 e5 28. g3 Ne6 29. b4 f5 (29... Nd8 $11) 30. Ke2 $16 Kf7 {[#]} (30... Ke7 $16 {was called for.}) 31. Rd1 $1 $18 {[%cal Rd1d7]} Re7 32. Rd6 e4 33. Rc6 g5 $2 {A mistake that costs the game.} (33... Nd8 $16 {was worth a try.} 34. Rc8 Rd7) 34. Rc8 Kf6 {[#]} 35. Rb8 $1 ({Weaker is} 35. Ra8 Nc7 $16) 35... Nc7 36. Nxa7 Nxa6 37. Rxb6+ {[%mdl 64] Double Attack} Re6 38. Rb7 f4 39. Rxh7 Ke5 (39... Kg6 $142) 40. Rh5 {White is clearly winning.} f3+ 41. Ke3 Nc7 {Black wants to play ...Nd5+.} 42. Rxg5+ Kf6 43. Rc5 Ne8 44. Nb5 Re7 45. Rc4 {Weighted Error Value: White=0.02/Black=0.25} 1-0

[Event "Sheikh Russel GM 2021"]
[Site "Dhaka"]
[Date "2021.10.19"]
[Round "1.2"]
[White "Lodhi, Mahmood"]
[Black "Asadli, Vugar"]
[Result "0-1"]
[WhiteElo "2315"]
[BlackElo "2585"]
[Annotator "TA"]
[PlyCount "90"]
[EventDate "2021.10.19"]
[EventType "swiss"]
[EventCountry "BAN"]
[SourceTitle "playchess.com"]
[Source "ChessBase"]
[SourceQuality "1"]

{[%evp 10,90,21,17,22,-22,-19,-20,-22,-45,-41,-47,-50,-56,-45,-47,-18,-35,-35,-29,-12,-15,-6,-10,-14,-17,-20,-20,-22,-21,-18,-30,-24,-64,-59,-87,-96,-179,-183,-163,-181,-165,-131,-133,-113,-229,-134,-247,-236,-248,-237,-331,-333,-317,-332,-327,-299,-286,-178,-384,-415,-408,-417,-403,-399,-487,-271,-279,-266,-263,-251,-315,-368,-446,-214,-224,-221,-469,-458,-689,-340,-533,-418]} 1. d4 Nf6 2. Nf3 g6 3. g3 Bg7 4. Bg2 O-O 5. O-O d6 6. c4 Ne4 {E60: King's Indian: Unusual lines and Fianchetto Variation without Nc3.} 7. Nc3 Nxc3 8. bxc3 Nc6 {The position is equal.} 9. e4 Na5 10. Qe2 {[#]} Be6 $146 ({Predecessor:} 10... c5 11. Be3 b6 12. Nd2 e5 13. Qd3 Ba6 14. f4 cxd4 15. cxd4 Rc8 16. Rac1 Rc7 {1-0 (34) Brumen,D (2338)-Curic,D (2223) Mali Losinj 2017}) 11. d5 Bg4 ({Don't blunder} 11... Bxc3 $2 12. dxe6 Bxa1 13. Bd2 $16) 12. Qd3 c6 13. Be3 Rc8 14. Rfc1 cxd5 15. cxd5 Nc4 16. Rab1 Nxe3 17. Qxe3 b6 18. Nd4 Bd7 19. Bf1 Rc5 20. Nb3 Rc7 21. Ba6 e5 22. Nd2 f5 23. Be2 {[#]} (23. exf5 $17 {was worth a try.} gxf5 24. Bb5) 23... f4 $1 $19 {[%cal Rf4e3]} 24. Qd3 Bh6 25. Rc2 Qf6 26. Nf3 g5 27. Bd1 (27. c4 $17 {was called for.}) 27... Bc8 (27... g4 $19 28. Ne1 Bg5) 28. Ne1 (28. Rb4 $17) 28... g4 29. a4 Bg5 30. Ng2 h5 31. a5 bxa5 32. Rb8 h4 33. Rxc8 Rcxc8 34. Bxg4 (34. gxf4 {is a better defense.} Bxf4 35. Bxg4) 34... Rb8 {[#] Strongly threatening ...Rb1+.} 35. Ra2 hxg3 36. hxg3 fxg3 37. fxg3 Qd8 (37... Qh6 $142 38. Bf5 Rb3) 38. Bf5 Qb6+ 39. Kh2 Rf6 {...Rh6+ is the strong threat.} 40. Nh4 Rh6 41. Bh3 Kh8 (41... Bxh4 $142 42. gxh4 Kh8) 42. Nf5 Rh7 43. Kg2 $2 (43. Qd1) 43... a4 44. Bg4 (44. Qc2 $142 Qb3 45. Nxd6) 44... a3 (44... Qb3 $142 45. Rf2 a3) 45. c4 (45. Bd1 $142) 45... Qb3 {Weighted Error Value: White=0.43/Black=0.29} 0-1

[Event "Sheikh Russel GM 2021"]
[Site "Dhaka"]
[Date "2021.10.19"]
[Round "1.3"]
[White "Bernadskiy, Vitaliy"]
[Black "Alinasab, Mobina"]
[Result "1-0"]
[WhiteElo "2580"]
[BlackElo "2309"]
[Annotator "TA"]
[PlyCount "72"]
[EventDate "2021.10.19"]
[EventType "swiss"]
[EventCountry "BAN"]
[SourceTitle "playchess.com"]
[Source "ChessBase"]
[SourceQuality "1"]

{[%evp 16,72,-24,-30,-7,-2,-2,-23,-22,-16,23,16,36,33,26,26,23,20,29,29,29,28,37,20,66,53,35,34,140,145,197,199,193,196,238,237,220,216,406,323,491,416,530,497,593,447,521,516,516,519,506,501,716,540,1282,1237,1209,1201,29991]} 1. e4 c5 2. Nc3 Nc6 3. f4 g6 4. Nf3 Bg7 5. a3 d6 6. Bc4 e6 7. O-O Nge7 8. d3 O-O 9. Ba2 Rb8 {B23: Closed Sicilian: Lines without g3.} 10. Qe1 b5 11. Qh4 {[#]} Nd4 $146 {Black has an edge.} ({Predecessor:} 11... b4 12. axb4 cxb4 13. Ne2 Na5 14. f5 exf5 15. Bh6 b3 16. Bxb3 Nxb3 17. cxb3 Rxb3 {0-1 (39) Ghaemmaghami,P (1562)-Valieva,R (1903) Porto Carras 2010}) 12. Nxd4 cxd4 13. Ne2 d5 14. e5 Nc6 15. Qxd8 Rxd8 16. b4 f6 17. exf6 Bxf6 18. Bd2 Bd7 19. g4 Rdc8 20. Bb3 (20. f5 $5 exf5 21. gxf5 $14 (21. Bxd5+ Kh8 $14)) 20... Kg7 21. Rae1 a5 {White now steadily converts the win.} ({Better is} 21... Rf8 $14) 22. bxa5 $16 Ra8 (22... b4 $16) 23. f5 $1 $18 {[%cal Rf5e6]} exf5 24. Bxd5 fxg4 25. Ng3 {Black must now prevent Ne4.} Rf8 26. Bf4 Rae8 $2 {[#]} (26... Rxa5 {keeps fighting.} 27. Bd6 Rc8) 27. Bd6 Ne7 (27... Nxa5 {was necessary.} 28. Bxf8+ Rxf8) 28. Bb7 Rf7 29. a6 {White is clearly winning.} Nc6 30. Ne4 Bh4 31. Rxf7+ Kxf7 32. Rf1+ Ke6 33. Bc5 Na5 34. Rf8 Rxf8 35. Bxf8 Bc6 {[#]} 36. a7 $1 {And now Bxc6 would win.} Kd5 {Weighted Error Value: White=0.21/Black=0.45} (36... Nxb7 37. a8=Q) 1-0

[Event "Sheikh Russel GM 2021"]
[Site "Dhaka"]
[Date "2021.10.19"]
[Round "1.4"]
[White "Sanket Chakravarty"]
[Black "Krasenkow, Michal"]
[Result "1/2-1/2"]
[WhiteElo "2288"]
[BlackElo "2578"]
[Annotator "TA"]
[PlyCount "133"]
[EventDate "2021.10.19"]
[EventType "swiss"]
[EventCountry "BAN"]
[SourceTitle "playchess.com"]
[Source "ChessBase"]
[SourceQuality "1"]

{[%evp 21,133,-14,-13,-29,0,19,4,4,4,2,4,0,16,-40,-25,-43,0,0,0,0,0,0,0,0,0,-7,0,0,0,0,0,0,0,0,0,0,16,0,0,0,0,0,0,0,0,0,0,0,0,0,0,0,0,0,3,0,0,0,0,0,0,0,0,-32,0,0,0,0,0,0,0,0,0,0,0,0,0,0,0,0,0,0,0,0,0,0,0,0,0,0,8,0,0,0,0,0,0,0,0,0,0,0,0,0,0,0,0,0,0,0,0,0,0,0]} 1. c4 c5 2. Nc3 Nc6 3. g3 g6 4. Bg2 Bg7 5. Nf3 e6 6. a3 Nge7 7. O-O d5 8. d3 O-O 9. Bd2 b6 10. Rb1 Bb7 11. cxd5 Nxd5 12. Nxd5 {A37: Symmetrical English vs ...g6: 4 Bg2 Bg7 5 Nf3.} exd5 13. b4 {[%cal Bb2b4,Bb4b5][%mdl 32]} c4 14. b5 Na5 15. Bb4 Re8 16. e3 Rc8 {[#]} 17. Rc1 $146 (17. Nd4 $11) ({Predecessor:} 17. Qc2 Qd7 18. Bxa5 bxa5 19. d4 Qc7 20. Rfc1 Rcd8 21. a4 Bc8 22. Qc3 Bf5 23. Rb2 {0-1 (31) Ringsborg,A-Mortensen,J Denmark 1986}) 17... a6 18. a4 axb5 19. axb5 Nb3 20. Rc2 Ra8 21. dxc4 Ra4 22. Bc3 {[%cal Rc3g7]} dxc4 {[#] aiming for ...Qxd1.} 23. Bxg7 {Black must now prevent Bc3.} Kxg7 24. Qxd8 Rxd8 25. Ne5 $1 {[%csl LRb7,LRc4]} Bxg2 26. Kxg2 Na5 27. Rfc1 {[%cal Re5c4]} Rb4 28. Nxc4 Rxb5 29. Nxa5 bxa5 $11 {[%mdl 4096] Endgame KRR-KRR} 30. Ra2 Ra8 31. Rc4 Kf6 32. f4 Ke6 33. Kf3 Ra6 34. Ra3 Kd6 35. Rd3+ Rd5 36. Rdc3 Rd2 37. h3 h5 38. e4 f6 39. Ra4 Rb2 40. e5+ fxe5 41. fxe5+ Kd5 42. Rcc4 Rb5 43. Kf4 {The position is equal.} Ke6 44. Re4 Rb3 45. h4 Rb5 46. Ra3 Rc6 47. Kg5 Ke7 ({Wrong is} 47... Rxe5+ $2 48. Rxe5+ Kxe5 49. Rxa5+ Ke4 50. Kh6 $18) 48. g4 hxg4 49. Kxg4 Re6 50. Kg5 Kd7 51. Rf3 Ke7 52. Ra3 Reb6 53. Rc3 Rb4 54. Re1 (54. Re2 {with more complications.} Ke6 55. Rc8 Ra4 56. Re8+ Kf7 57. Ra8) 54... Ke6 55. Rc8 a4 56. Ra8 (56. Re8+ {keeps more tension.} Kf7 57. Ra8 Ke6 58. Ra1 Re4 59. R1xa4 Rxe5+ 60. Kh6) 56... Rc4 57. Kxg6 Rxh4 58. Kg5 Rc4 59. Rh8 {[#] Threatens to win with Rh6+.} Rbb4 {( -> ...Rg4+)} 60. Rh6+ Kd5 61. Rd6+ Kc5 62. Kf5 a3 63. Ra6 {e6 is the strong threat.} Ra4 64. Rxa4 Rxa4 65. e6 Ra8 66. e7 Kb4 67. Ke4 {Weighted Error Value: White=0.05/Black=0.03} 1/2-1/2

[Event "Sheikh Russel GM 2021"]
[Site "Dhaka"]
[Date "2021.10.19"]
[Round "1.5"]
[White "Solodovnichenko, Yuri"]
[Black "Liyanage, Ranindu Dilshan"]
[Result "1/2-1/2"]
[WhiteElo "2577"]
[BlackElo "2273"]
[Annotator "TA"]
[PlyCount "46"]
[EventDate "2021.10.19"]
[EventType "swiss"]
[EventCountry "BAN"]
[SourceTitle "playchess.com"]
[Source "ChessBase"]
[SourceQuality "1"]

{[%evp 14,46,0,0,0,0,11,0,0,-9,0,-16,-8,-12,-10,-27,-25,-17,-17,-18,-16,-18,-17,-24,-16,-19,-20,-19,-11,-19,-6,-9,-7,-9,-9]} 1. e4 e6 2. d4 d5 3. Nc3 Bb4 4. Nge2 dxe4 5. a3 Bxc3+ 6. Nxc3 Nc6 7. d5 exd5 8. Qxd5 Be6 {C15: French: 3 Nc3 Bb4: Unusual White 4th moves.} 9. Qxe4 Nf6 10. Qh4 Qe7 11. Be2 (11. Bb5 {is interesting.} O-O-O 12. O-O Nd4 13. Bd3 Bf5 14. Bxf5+ Nxf5 15. Qb4) 11... O-O-O 12. Be3 Nd5 13. Qxe7 Ndxe7 14. O-O (14. Bd2 {is more complex.} Nd4 15. O-O-O Bf5 16. Bf4 Nxc2 17. Bc4) 14... Nf5 15. Bf4 Nfd4 16. Bd3 Bf5 17. Bxf5+ Nxf5 18. Rfd1 {[#]} Ncd4 $146 ({Predecessor:} 18... Nfd4 19. Rac1 Rd7 20. Kf1 Rhd8 21. f3 Ne6 22. Rxd7 Rxd7 23. Be3 Ncd4 24. Kf2 Nf5 {1-0 (51) Belyakov,B (2460)-Ponfilenok,V (2346) Kazan 2019}) 19. Rac1 {The position is equal.} Ne6 20. Ne2 Nxf4 21. Nxf4 Rxd1+ 22. Rxd1 Rd8 23. Rxd8+ Kxd8 {A rather calm draw.  Weighted Error Value: White=0.05/Black=0.03} 1/2-1/2

[Event "Sheikh Russel GM 2021"]
[Site "Dhaka"]
[Date "2021.10.19"]
[Round "1.6"]
[White "Sourath Biswas"]
[Black "Iskandarov, Misratdin"]
[Result "0-1"]
[WhiteElo "2270"]
[BlackElo "2552"]
[Annotator "TA"]
[PlyCount "110"]
[EventDate "2021.10.19"]
[EventType "swiss"]
[EventCountry "BAN"]
[SourceTitle "playchess.com"]
[Source "ChessBase"]
[SourceQuality "1"]

{[%evp 9,110,-5,5,-1,3,-13,32,28,27,19,32,23,26,-23,-22,-12,-18,-12,-19,-19,-19,-18,0,0,39,41,92,97,106,104,109,96,100,35,0,-54,-81,-246,-238,-218,-246,-623,-121,-422,-429,-449,-430,-429,-425,-407,-395,-384,-289,-264,-271,-237,-252,-376,-352,-329,-370,-353,-282,-405,-405,-364,-234,-234,-233,-233,-233,-373,-373,-489,-502,-489,-451,-602,-602,-581,-364,-591,-557,-552,-587,-599,-599,-465,-454,-599,-592,-584,-580,-29992,-29978,-29994,-29995,-29996,-29997,-29997,-29998,-29998,-29999]} 1. d4 Nf6 2. Bf4 g6 3. Nc3 d5 4. e3 Bg7 5. h4 c6 6. Be2 {A45: Trompowsky Attack.} h5 7. Nf3 Ng4 $5 {[%mdl 4] A promising side line.} 8. Qd2 {White is slightly better.} Nd7 9. e4 dxe4 10. Nxe4 {[#]} O-O $146 ({Predecessor:} 10... Qb6 11. c3 O-O 12. O-O Rd8 13. Bc4 Ndf6 14. Nxf6+ Bxf6 {½-½ (14) Ribbegren,K (2248)-Ziska,H (2538) San Marino 2019}) 11. O-O-O Ndf6 12. Nxf6+ exf6 13. Bc4 b5 14. Bb3 a5 {And now ...a4 would win.} 15. a3 a4 16. Ba2 b4 17. axb4 a3 (17... Qb6 $14) 18. bxa3 $1 $16 Qb6 {[#]} 19. Bb3 $1 Rxa3 {Hoping for ...Qa6.} 20. Kb2 Rxb3+ 21. cxb3 (21. Kxb3 $16 {Threatens to win with Bd6.} Be6+ 22. c4) 21... Rd8 $14 22. Rhe1 (22. Ra1 $11) 22... Bf8 $15 23. Bg3 $2 {Black keeps a firm grip on the game.} (23. b5 $17 {might work better.} Qxb5 24. Qe2) 23... Bxb4 $19 24. Qc2 (24. Bc7 Qb7) 24... Kg7 {[%mdl 1024] Black has strong compensation.} 25. d5 $2 (25. Qc4 Bxe1 26. Nxe1) 25... c5 $2 (25... Bf5 $19 {and Black stays clearly on top.} 26. Re4 Bxe4 27. Qxe4 Qa5) 26. Nd2 $2 {[%mdl 8192]} (26. d6 $17 {nothing else works.}) 26... Bf5 27. Nc4 {[#]} Ba3+ $1 {[%mdl 576] Decoy} 28. Kxa3 (28. Nxa3 Bxc2) 28... Qb4+ (28... Bxc2 $2 {is the wrong capture.} 29. Nxb6 Bxd1 30. Rxd1 $18) 29. Kb2 Bxc2 30. Kxc2 Rxd5 31. f3 Rxd1 32. Rxd1 Nh6 33. Rd6 (33. Ne3 {was necessary.}) 33... Qb8 ({Less strong is} 33... Nf5 34. Rb6 $17) 34. Bf2 Nf5 35. Rd2 Qc7 36. g4 (36. Kc3 $142) 36... hxg4 37. fxg4 Nd4+ 38. Bxd4 cxd4 39. Rxd4 {[%mdl 4096] Endgame KQ-KRN} Qh2+ {[%mdl 64] Double Attack} 40. Kc3 (40. Kd3 $142) 40... Qg3+ 41. Rd3 Qxg4 42. b4 Qf5 43. Nd6 Qe5+ 44. Kc4 Qf4+ 45. Rd4 $2 (45. Kc5 {was worth a try.} Qf2+ 46. Rd4) 45... Qc1+ 46. Kd5 f5 47. b5 {intending b6.} f4 48. b6 {b7 is the strong threat.} f3 {aiming for ...f2.} 49. b7 f2 50. b8=Q {Ne8+ would kill now.} f1=Q {( -> ...Qf3+)} 51. Ne8+ Kh6 {Black mates.} 52. Nd6 Qf3+ 53. Ne4 Qf5+ 54. Qe5 Qd7+ 55. Qd6 Qcc6+ {Weighted Error Value: White=0.61/Black=0.21} 0-1

[Event "Sheikh Russel GM 2021"]
[Site "Dhaka"]
[Date "2021.10.19"]
[Round "1.7"]
[White "Narayanan, Srinath"]
[Black "Mohammad Minhaz Uddin"]
[Result "1-0"]
[WhiteElo "2540"]
[BlackElo "2264"]
[Annotator "TA"]
[PlyCount "81"]
[EventDate "2021.10.19"]
[EventType "swiss"]
[EventCountry "BAN"]
[SourceTitle "playchess.com"]
[Source "ChessBase"]
[SourceQuality "1"]

{[%evp 15,81,28,40,18,41,46,50,42,64,64,76,70,78,70,82,73,72,67,72,52,70,64,65,52,89,91,85,87,107,45,70,64,114,114,113,113,108,112,120,117,110,107,99,98,96,104,130,119,155,83,144,127,116,124,163,125,171,145,141,140,143,180,163,162,177,177,1006,999]} 1. d4 Nf6 2. c4 e6 3. g3 Bb4+ 4. Bd2 Qe7 5. Nf3 b6 6. Bg2 Bb7 7. O-O Bxd2 8. Qxd2 d6 9. Qc2 {E16: Queen's Indian: 4 g3 Bb7 5 Bg2 Bb4+.} Be4 10. Qa4+ {[#]} Nbd7 $146 ({Predecessor:} 10... Bc6 11. Qa3 O-O 12. Nc3 Bb7 13. Rfe1 c5 14. Rad1 Na6 15. e4 Nb4 16. Qb3 Rad8 {0-1 (33) Cheparinov,I (2689)-Eljanov,P (2684) Sunny Beach 2012}) 11. Nc3 {White is slightly better.} Bb7 12. Rfe1 O-O 13. e4 Rfd8 14. Nh4 {Black must now prevent e5.} Nh5 {[#]} 15. Nf5 $1 Qf8 (15... exf5 $2 16. exf5 Qf8 17. Bxb7 $18) 16. Ne3 e5 17. d5 g6 18. Qc2 Ng7 19. b4 c5 20. a3 cxb4 21. axb4 a5 22. Rab1 (22. bxa5 $16 bxa5 23. Reb1) 22... axb4 23. Rxb4 f5 24. exf5 Nxf5 25. Nxf5 gxf5 26. Na4 Ra6 27. Reb1 e4 28. Nxb6 Ne5 29. Na4 Bc8 30. Nc3 Bd7 31. Ne2 Rc8 32. Nd4 (32. Nf4 $142 $1) 32... Ra5 ({Better is} 32... Nd3) 33. Qd2 $16 Rac5 34. Bf1 Qf6 35. Rb8 h6 36. Be2 Nxc4 37. Bxc4 Rxc4 38. Nc6 f4 {[#]} 39. Qe2 $1 {[%cal Re2c4]} ({Don't take} 39. Qxf4 $6 Qxf4 40. gxf4 Rxb8 $14) ({And not} 39. gxf4 Qg7+ 40. Kh1 Rxb8 $11) 39... Ra4 {[#]} 40. Qc2 $1 {[%cal Rc2a4]} Ra1 {[#]} (40... Ra8 41. R8b7 (41. Qxe4 Raxb8 42. Nxb8 fxg3 $14) 41... Bxc6 42. dxc6 Re8) 41. Ne7+ $1 {[%mdl 576] Double Attack, Pin.  Weighted Error Value: White=0.08/Black=0.17} 1-0

[Event "Sheikh Russel GM 2021"]
[Site "Dhaka"]
[Date "2021.10.19"]
[Round "1.8"]
[White "Subrota, Biswas"]
[Black "Deepan Chakkravarthy J."]
[Result "0-1"]
[WhiteElo "2248"]
[BlackElo "2535"]
[Annotator "TA"]
[PlyCount "84"]
[EventDate "2021.10.19"]
[EventType "swiss"]
[EventCountry "BAN"]
[SourceTitle "playchess.com"]
[Source "ChessBase"]
[SourceQuality "1"]

{[%evp 20,84,0,-8,-9,-92,-87,-127,-117,-118,-114,-130,-87,-121,-127,-122,-114,-188,-177,-210,-211,-230,-206,-221,-233,-228,-230,-308,-242,-267,-252,-326,-329,-299,-235,-231,-221,-264,-241,-345,-295,-314,-296,-367,-360,-389,-408,-446,-268,-232,-285,-275,-246,-245,-220,-909,-883,-6301,-6311,-5836,-5779,-2906,0,-2759,-1476,-2409,-2152]} 1. d4 Nf6 2. c4 e6 3. Nf3 b6 4. g3 Bb7 5. Bg2 Be7 6. d5 exd5 7. Nh4 c6 8. Nf5 O-O 9. cxd5 Nxd5 10. e4 Nc7 11. O-O d5 {E17: Queen's Indian: 4 g3 Bb7 5 Bg2 Be7.} 12. e5 (12. Nc3 $11) 12... Bc8 $17 13. Qg4 {[%csl Gf5][%cal Rg4g7]} Bxf5 {Black is better.} 14. Qxf5 {[#]} Qd7 $146 ({Predecessor:} 14... Qc8 15. Qh5 Nd7 16. f4 g6 17. Qh6 f6 18. e6 Nxe6 19. Re1 Bc5+ 20. Kh1 Ng7 {0-1 (31) Gallasch,J (2090)-Kiremitciyan,A (2281) Chess.com INT 2020}) 15. Qh5 f5 16. exf6 Bxf6 17. Nc3 Nba6 18. f4 (18. Be3 $17 {was necessary.}) 18... Rae8 $19 19. f5 Nc5 20. Qf3 d4 21. Nd1 Nd5 22. Kh1 Qe7 23. g4 Bg5 24. Qh3 Kh8 25. Bf3 Bxc1 26. Rxc1 Qg5 27. Nf2 Re3 28. Qg3 Qe7 29. Nh3 (29. Nd1 {keeps fighting.}) 29... Ne4 30. Qg2 c5 31. g5 Qe5 32. g6 h6 33. Rce1 Rxe1 34. Rxe1 {[#]} Ne3 $1 35. Rxe3 dxe3 36. Bxe4 Re8 37. Ng5 (37. f6 Qxf6 38. Ng1) 37... hxg5 38. f6 Qxe4 39. f7 Qb1+ {[%mdl 64] Double Attack} 40. Qg1 Qe4+ 41. Qg2 {[#]} Qxg2+ 42. Kxg2 Rd8 {White got outplayed after the opening.  Weighted Error Value: White=0.76/Black=0.31} 0-1

[Event "Sheikh Russel GM 2021"]
[Site "Dhaka"]
[Date "2021.10.19"]
[Round "1.9"]
[White "Stany, G.A."]
[Black "Abu Sufian, Shakil"]
[Result "1-0"]
[WhiteElo "2522"]
[BlackElo "2247"]
[Annotator "TA"]
[PlyCount "151"]
[EventDate "2021.10.19"]
[EventType "swiss"]
[EventCountry "BAN"]
[SourceTitle "playchess.com"]
[Source "ChessBase"]
[SourceQuality "1"]

{[%evp 10,151,14,2,43,20,50,34,94,93,88,80,95,92,121,123,119,115,137,137,139,140,145,145,136,139,189,170,195,133,167,133,133,133,133,130,135,131,124,124,126,102,102,102,102,102,104,105,152,154,210,195,207,168,373,362,344,197,205,204,193,200,195,188,205,207,193,172,166,153,146,138,133,47,48,0,104,60,71,60,106,105,103,110,100,0,0,0,0,0,51,48,831,726,1679,1277,12826,492,459,183,372,489,12830,12832,12833,12834,12834,12835,12834,12835,12835,12835,12836,12836,12838,12835,12836,0,0,0,0,0,0,0,0,0,0,0,0,0,0,0,0,0,0,0,0,0,12850,27998,27998,27999,27999,27999]} 1. e4 c6 2. Nc3 d5 3. Nf3 Bg4 4. h3 Bxf3 5. Qxf3 e6 6. d4 Qb6 {[#] B11: Caro-Kann: Two Knights Variation.} 7. Be2 $146 ({Predecessor:} 7. Bd3 Qxd4 8. exd5 cxd5 9. Bf4 g5 10. Bg3 Nc6 11. Nb5 Qf6 12. Nc7+ Kd7 13. Nxa8 Qxf3 14. gxf3 {1-0 (40) Fedorchuk,S (2646)-Meszaros,T (2428) Madrid 2012}) 7... Nf6 8. O-O Bb4 (8... Qxd4 $14 9. exd5 Nxd5) 9. e5 $16 Nfd7 10. Qg4 Bf8 11. Rd1 h5 12. Qg3 g6 13. Rb1 Na6 14. b4 Qd8 15. b5 Nc7 16. bxc6 bxc6 17. Na4 Rb8 18. Bg5 Qc8 19. Qc3 (19. c4 $1 $18) 19... Nb5 20. Bxb5 cxb5 {[#]} 21. Rxb5 {[%mdl 512]} Qxc3 22. Rxb8+ Nxb8 23. Nxc3 Kd7 24. Rb1 Kc8 25. Na4 Nc6 26. c3 $36 {[%mdl 2048] White is in control.} Na5 27. Rb5 Nc4 28. Nb2 Na3 29. Rb3 h4 (29... Kc7 $16 {was called for.} 30. f3 a6) 30. c4 Rh5 31. Bf6 {Black must now prevent cxd5.} ({Don't take} 31. c5 Nc2 $16) 31... Nc2 $2 (31... dxc4 32. Nxc4 Nxc4) 32. cxd5 Nxd4 33. Rd3 (33. Rc3+ $142 Kd7 34. dxe6+ Nxe6 35. Nd3) 33... Ne2+ $18 34. Kf1 Nf4 35. Rc3+ Kd7 36. dxe6+ fxe6 37. Rc4 Nd5 38. Bxh4 Rxe5 39. Ra4 a5 40. Nd3 Rh5 41. Bg3 (41. Rg4 $16) 41... Bb4 $14 42. Nxb4 axb4 {[%mdl 4096] Endgame KRB-KRN} (42... Nc3 $11 {remains equal.}) 43. Ke1 Kc6 $1 44. Kd2 Kb5 45. Ra8 Nc3 46. Kc2 Ne4 47. a3 ({White should play} 47. Rb8+ $1 $16 Kc4 48. Rc8+ Kb5 49. Rb8+ Kc4 50. Rc8+ Kb5 51. Kd3 Nxg3 52. fxg3) 47... Rc5+ $11 48. Kb2 {Threatens to win with Rb8+.} bxa3+ 49. Rxa3 Rd5 (49... Kc4 $11) 50. Re3 $14 Nxf2 {[%mdl 8192]} 51. Bxf2 {KRB-KR} (51. Rb3+ Ka6 $16) 51... Rd2+ 52. Kc3 (52. Kb3 Rxf2 53. Re5+ (53. Rxe6 Rxg2 54. Re5+ Kc6 $11) 53... Kc6 $18) 52... Rxf2 $18 {KR-KR} 53. Rg3 (53. Re5+ $142 Ka4 54. Rg5 (54. Rxe6 Rxg2 55. Kc4 Ka5 $11)) 53... Kc5 54. Rxg6 e5 $2 (54... Kd6 55. h4 Ke7) 55. h4 $1 {[%cal Rh4h5]} Rf4 (55... Rf5 $142 56. Kd3 Kd5) 56. h5 Rh4 57. h6 Kd5 58. g4 $1 {[%cal Rg4g5]} Rh3+ 59. Kd2 Kd4 60. g5 Rh2+ 61. Ke1 e4 62. Kf1 e3 63. Rg7 $2 ({Only move:} 63. Re6 $18 {Re7 is the strong threat.} Rh5 64. g6 Rxh6 65. g7 $1 {[%mdl 512]} Rxe6 66. g8=Q Rf6+ 67. Ke1) 63... e2+ $1 $11 64. Ke1 Kd3 {( -> ...Rh1+)} (64... Ke3 $5 65. Re7+ $8 Kf4 $11) 65. Re7 Rh1+ 66. Kf2 Rh2+ 67. Kf3 Rh3+ 68. Kf4 Kd2 69. Rd7+ Kc2 (69... Kc1 {seems wilder.} 70. Re7 Kd2) 70. Rc7+ Kd2 71. Rd7+ Kc2 (71... Kc1 {with more complications.} 72. Re7 Kd2) 72. Re7 Kd2 73. Kf5 e1=Q $4 {[%mdl 8192]} (73... Re3 $11 74. Rxe3 Kxe3) 74. Rxe1 $18 Kxe1 75. Kg6 Kf2 {[#]} 76. Kh7 $1 {Weighted Error Value: White=0.29/Black=0.25} 1-0